000 01079nam a2200229Ia 4500
003 OSt
005 20220923221647.0
006 a|||||r|||| 00| 0
007 ta
008 220922b |||||||| |||| 00| 0 hin d
024 _a199,125
037 _cTextual
040 _aARTS
_cARTS
_bhin
041 _2hin
_ahin
082 _aP152958, 152L0
100 _aतिवारी, भोला नाथ
245 0 _aताजुज़्वेकी सोवियत संध मे बोली ताने वाली हिन्दी बोली ेा ऐतिहासिक तुलनात्मक अध्ययन तथा संक्षिप्त शबद्कोश
246 _aTājuja़vekī soviyat sandha me bolī tāne vālī hindī bolī eā aitihāsik tulanātmak adhyayan tathā sankṣpunta shabadkosha
260 _aदिल्ली
_b नेशनल पब्लिशिंग हाउस
_c1970
942 _hP152958, 152L0
_cTEXL
_2CC
999 _c350904
_d350904